| 000 | 00398nam a22001217a 4500 | ||
|---|---|---|---|
| 082 | _aPRO 220 | ||
| 100 |
_aNS MUHAMMAD MOHSIN KHAN NIAZI NS ZARYAB HYDER _970814 |
||
| 245 | _aPR-SOF-1530-ENERGY HARVESTING THROUGH FLAPPING WING TURBINE | ||
| 260 |
_aISLAMABAD _bNUST COLLEGE OF EME _c2016 |
||
| 650 | _a DE-MECH-34 | ||
| 700 |
_aSUPERVISOR DR. IMRAN AKHTAR DR. SAIFULLAH KHALID _970815 |
||
| 942 | _cCR | ||
| 999 |
_c577669 _d577669 |
||